[Event "LSS No Engine Cup 216 Preliminary 0"]
[Site "LSS email"]
[Date "2021.04.11"]
[Round "?"]
[White "Stadler, Pavel"]
[Black "Heiser, Jerome"]
[Result "1-0"]
[WhiteElo "1439"]
[BlackElo "736"]
[PlyCount "23"]
[EventDate "2021.04.11"]
[EventType "tourn (corr)"]
[EventRounds "6"]
[EventCountry "GER"]
[SourceTitle "Corr 2024"]
[Source "ChessBase"]
[SourceDate "2023.10.19"]
[SourceVersion "1"]
[SourceVersionDate "2023.10.19"]
[SourceQuality "1"]

1. e4 e5 2. Nf3 Nc6 3. Bc4 h6 4. d4 exd4 5. Nxd4 Nxd4 6. Qxd4 c5 7. Qd3 Qe7 8. 0-0 g5 9. Nc3 d6 10. Nd5 Qd7 11. Be3 b6 12. Bb5 1-0

[Event "LSS No Engine Cup 215 Preliminary 0"]
[Site "LSS email"]
[Date "2021.03.13"]
[Round "?"]
[White "Nowak, Andrzej"]
[Black "Stadler, Pavel"]
[Result "1-0"]
[WhiteElo "2059"]
[BlackElo "1459"]
[PlyCount "95"]
[EventDate "2021.03.13"]
[EventType "tourn (corr)"]
[EventRounds "6"]
[EventCountry "GER"]
[SourceTitle "Corr 2024"]
[Source "ChessBase"]
[SourceDate "2023.10.19"]
[SourceVersion "1"]
[SourceVersionDate "2023.10.19"]
[SourceQuality "1"]

1. e4 e5 2. Nf3 Nc6 3. Bb5 a6 4. Ba4 Nf6 5. 0-0 Nxe4 6. d4 b5 7. Bb3 d5 8. dxe5 Be6 9. c3 Bc5 10. Nbd2 0-0 11. Bc2 Bf5 12. Nb3 Bxf2+ 13. Rxf2 Nxf2 14. Kxf2 Bxc2 15. Qxc2 f6 16. e6 Qd6 17. Nbd4 Nxd4 18. Nxd4 c5 19. Nf5 Qxe6 20. Bh6 Ra7 21. Re1 Qb6 22. Bf4 Rd7 23. Qe2 Rfd8 24. Qg4 Kh8 25. Bd6 c4+ 26. Kf1 g6 27. Be7 gxf5 28. Qxf5 Rd6 29. Bf8 R6d7 30. Re6 Qb8 31. Be7 Rf8 32. g3 Qc8 33. Bxf8 Qxf8 34. Rxa6 Rf7 35. Qxd5 Kg7 36. a4 bxa4 37. Rxa4 Qc8 38. Rxc4 Qh3+ 39. Kg1 Re7 40. Qd1 Kf7 41. Rh4 Qf5 42. b4 Re3 43. c4 Kg6 44. Qg4+ Qxg4 45. Rxg4+ Kf5 46. Rh4 Rc3 47. c5 Ke6 48. Rxh7 1-0

[Event "LSS No Engine Cup 215 Preliminary 0"]
[Site "LSS email"]
[Date "2021.03.13"]
[Round "?"]
[White "Stadler, Pavel"]
[Black "Martin, Hector"]
[Result "0-1"]
[WhiteElo "1459"]
[BlackElo "1341"]
[PlyCount "42"]
[EventDate "2021.03.13"]
[EventType "tourn (corr)"]
[EventRounds "6"]
[EventCountry "GER"]
[SourceTitle "Corr 2024"]
[Source "ChessBase"]
[SourceDate "2023.10.19"]
[SourceVersion "1"]
[SourceVersionDate "2023.10.19"]
[SourceQuality "1"]

1. e4 e5 2. f4 Bc5 3. Nf3 exf4 4. d4 Bb6 5. Bxf4 Nf6 6. Nc3 0-0 7. e5 Nh5 8. Be3 d5 9. Bd3 Bg4 10. 0-0 Nc6 11. Ne2 g6 12. Bf2 Bxf3 13. gxf3 Qg5+ 14. Ng3 Bxd4 15. Bxd4 Nxd4 16. Kf2 Nxg3 17. hxg3 Qxe5 18. Re1 Qf6 19. c3 Ne6 20. Qb3 Ng5 21. Qxd5 c6 0-1

[Event "LSS No Engine Cup 213 Preliminary 0"]
[Site "LSS email"]
[Date "2021.01.28"]
[Round "?"]
[White "Henke, Simon"]
[Black "Stadler, Pavel"]
[Result "1-0"]
[WhiteElo "2040"]
[BlackElo "1460"]
[PlyCount "29"]
[EventDate "2021.01.28"]
[EventType "tourn (corr)"]
[EventRounds "6"]
[EventCountry "GER"]
[SourceTitle "Corr 2022"]
[Source "ChessBase"]
[SourceDate "2021.10.24"]
[SourceVersion "1"]
[SourceVersionDate "2021.10.24"]
[SourceQuality "1"]

1. d4 d5 2. Bf4 e6 3. e3 Bd6 4. Bg3 Nf6 5. Nd2 c5 6. c3 Nc6 7. Ngf3 c4 8. b3 b5 9. a4 bxa4 10. bxc4 dxc4 11. Qxa4 Qc7 12. Bxd6 Qxd6 13. Nxc4 Qc7 14. Qa3 Bd7 15. Nd6+ 1-0

[Event "LSS No Engine Cup 212 Preliminary 0"]
[Site "LSS email"]
[Date "2021.01.05"]
[Round "?"]
[White "Kerecsenyi, Zoltan"]
[Black "Stadler, Pavel"]
[Result "0-1"]
[WhiteElo "1507"]
[BlackElo "1461"]
[PlyCount "84"]
[EventDate "2021.01.05"]
[EventType "tourn (corr)"]
[EventRounds "6"]
[EventCountry "GER"]
[SourceTitle "Corr 2024"]
[Source "ChessBase"]
[SourceDate "2023.10.19"]
[SourceVersion "1"]
[SourceVersionDate "2023.10.19"]
[SourceQuality "1"]

1. Nf3 d5 2. g3 Nf6 3. Bg2 c6 4. 0-0 g6 5. d3 Bg7 6. Nbd2 Bg4 7. h3 Be6 8. Re1 Na6 9. c3 Qd7 10. Ng5 Nc7 11. Qc2 h6 12. Nxe6 Nxe6 13. Nf3 0-0 14. Ne5 Qd6 15. f4 Nd7 16. d4 Nxe5 17. fxe5 Qd7 18. h4 Nc7 19. Kh2 f5 20. a4 e6 21. b4 a6 22. Bb2 b5 23. Bc1 Qe7 24. a5 Rf7 25. Qd3 g5 26. hxg5 hxg5 27. Rh1 Bf8 28. Kg1 Rh7 29. Rxh7 Qxh7 30. Bxg5 Qg6 31. Bh4 Bg7 32. Bf3 Kf7 33. Kg2 Rh8 34. Rh1 Ne8 35. g4 Bh6 36. Rf1 Ng7 37. e4 Ke8 38. exd5 cxd5 39. Kf2 Bf4 40. gxf5 Nxf5 41. Rg1 Qh6 42. Rh1 Nxh4 0-1

[Event "LSS No Engine Cup 212 Preliminary 0"]
[Site "LSS email"]
[Date "2021.01.05"]
[Round "?"]
[White "Langheld, Werner"]
[Black "Stadler, Pavel"]
[Result "1-0"]
[WhiteElo "1900"]
[BlackElo "1461"]
[PlyCount "27"]
[EventDate "2021.01.05"]
[EventType "tourn (corr)"]
[EventRounds "6"]
[EventCountry "GER"]
[SourceTitle "Corr 2024"]
[Source "ChessBase"]
[SourceDate "2023.10.19"]
[SourceVersion "1"]
[SourceVersionDate "2023.10.19"]
[SourceQuality "1"]

1. e4 c5 2. b4 cxb4 3. a3 e6 4. axb4 Bxb4 5. c3 Be7 6. d4 d5 7. e5 Qc7 8. Bd3 f5 9. g4 Nc6 10. gxf5 exf5 11. Ne2 b6 12. Nf4 g6 13. Nxd5 Qd7 14. Nxb6 1-0

[Event "LSS No Engine Cup 212 Preliminary 0"]
[Site "LSS email"]
[Date "2021.01.05"]
[Round "?"]
[White "Stadler, Pavel"]
[Black "Henke, Simon"]
[Result "0-1"]
[WhiteElo "1461"]
[BlackElo "2030"]
[PlyCount "46"]
[EventDate "2021.01.05"]
[EventType "tourn (corr)"]
[EventRounds "6"]
[EventCountry "GER"]
[SourceTitle "Corr 2024"]
[Source "ChessBase"]
[SourceDate "2023.10.19"]
[SourceVersion "1"]
[SourceVersionDate "2023.10.19"]
[SourceQuality "1"]

1. d4 f5 2. e4 fxe4 3. Nc3 Nf6 4. Bg5 c6 5. Bxf6 exf6 6. Nxe4 d5 7. Ng3 Bd6 8. Bd3 0-0 9. N1e2 f5 10. f4 g6 11. Qd2 Nd7 12. 0-0-0 Nf6 13. h3 b5 14. Ng1 Qc7 15. N3e2 Ne4 16. Bxe4 fxe4 17. g3 b4 18. h4 Bg4 19. Kb1 a5 20. Nh3 Qd7 21. Nf2 e3 22. Qxe3 Rae8 23. Nxg4 Qxg4 0-1

[Event "RE-2020-0-00226"]
[Site "LSS email"]
[Date "2020.12.19"]
[Round "?"]
[White "Couspeyre, Thierry"]
[Black "Stadler, Pavel"]
[Result "1-0"]
[WhiteElo "1277"]
[BlackElo "1222"]
[PlyCount "89"]
[EventDate "2020.10.01"]
[EventType "tourn (corr)"]
[EventRounds "6"]
[EventCountry "GER"]
[SourceTitle "Corr 2022"]
[Source "ChessBase"]
[SourceDate "2021.10.24"]
[SourceVersion "1"]
[SourceVersionDate "2021.10.24"]
[SourceQuality "1"]

1. d4 Nf6 2. c4 e6 3. Nc3 Bb4 4. Qc2 0-0 5. Nf3 c5 6. dxc5 Na6 7. Bd2 Nxc5 8. a3 Bxc3 9. Bxc3 Nce4 10. Bd4 b6 11. e3 Bb7 12. h3 Rc8 13. Be2 d5 14. Qb3 dxc4 15. Bxc4 Nc5 16. Qd1 Bd5 17. Bxd5 Nxd5 18. 0-0 Qe7 19. Rc1 f6 20. b4 Nb7 21. Qd3 Rfd8 22. Rfd1 e5 23. Rxc8 Rxc8 24. Bxe5 Nxb4 25. Qb3+ Kh8 26. Bxf6 Qxf6 27. axb4 h6 28. Rd7 Nd6 29. Qd5 Nf5 30. Rxa7 Nh4 31. Ne5 Ng6 32. Nxg6+ Qxg6 33. Ra8 Rxa8 34. Qxa8+ Kh7 35. Qf8 Qb1+ 36. Kh2 Qb2 37. Qf4 Qd2 38. f3 Qc3 39. Qd4 Qb3 40. Qxb6 Qb2 41. Qc5 Qd2 42. b5 Qd7 43. Qc6 Qd2 44. b6 Qxe3 45. Qe4+ 1-0